• 首页
  • 本馆介绍
  • 公告通知
  • 最新文献
  • 馆藏检索
  • 电子资源
  • 读者导购
  • 参考咨询
  • 我的图书馆
  • 登录
  • 详细信息显示
  • 放入我的书架
  • 预约/预借图书
  • 作者相关作品
  • 分类相关作品
  • 丛书相关作品
  • 出版社相关作品

书目信息

  • 表格格式
  • 工作单格式
  • 卡片格式
题名:
我为伟大祖国站岗
    
 
作者: 魏宝贵 词 ;钊邦 , 铁源 曲
分册:  
出版信息: 北京   人民音乐出版社  1974
页数: 5页
开本: 26cm
丛书名:
单 册:
中图分类: J652.1
科图分类:
主题词: 外国音乐--作品 , 音乐--各国--作品
电子资源:
ISBN:
000 00718nam0 2200241 450
001 0634166745
005 20060706093233.64
010    @dCNY0.12
100    @a20060706d1974 km y0chiy0120 ea
101 0  @achi
102    @aCN@b110000
200 1  @a我为伟大祖国站岗@Awo wei wei da zu guo zhan gang@e革命歌曲@f魏宝贵词@Fwei bao gui ci@g钊邦,铁源曲@Gzhao bang,tie yuan qu
210    @a北京@c人民音乐出版社@d1974
215 1  @a5页@d26cm
517 1  @a革命歌曲@Age ming ge qu
606 0  @a外国音乐@x作品
606 0  @a音乐@y各国@x作品
690    @aJ652.1@v4
701  0 @a魏宝贵@Awei bao gui@4词
702  0 @a钊邦@Azhao bang@4曲
702  0 @a铁源@Atie yuan@4曲
801  0 @aCN@bPFT@c20060706
905    @a10447@dJ652.1@e10
    
    我为伟大祖国站岗:革命歌曲/魏宝贵词/钊邦,铁源曲.-北京:人民音乐出版社,1974
    5页;26cm
    
    
    ISBN :CNY0.12
    
●
相关链接 在E读中查询图书 在五车中查询图书 在当当中查询图书 在豆瓣中查询图书


正题名:我为伟大祖国站岗     索取号:J652.1/10         预约/预借

序号 登录号 条形码 馆藏地/架位号 状态 备注
1 0003721   202388709   密集书库/ [索取号:J652.1/10] 在馆    
唐山师范学院图书馆 欢迎您!
大连网信软件有限公司© 版权所有